ENCICLOPEDIA AUDIOVISUAL-EDUCATIVA: MATEMATICAS /
VIDEOTECA, ILFC
Сохранить в:
| Другие авторы: | |
|---|---|
| Формат: | |
| Опубликовано: |
Barcelona, España :
Océano,
1996
|
| Предметы: | |
| Метки: |
Нет меток, Требуется 1-ая метка записи!
|
MARC
| LEADER | 00000ngm^a2200000^a^4500 | ||
|---|---|---|---|
| 001 | 000257904 | ||
| 005 | 20250521000000.0 | ||
| 009 | 20260310110307.832 | ||
| 035 | |a V00268 | ||
| 037 | |a Acervo Xavier Clavigero | ||
| 082 | |a 0232 | ||
| 245 | 1 | 0 | |a ENCICLOPEDIA AUDIOVISUAL-EDUCATIVA: |b MATEMATICAS / |c DIR. CARLOS GISPERT |
| 264 | 1 | |a Barcelona, España : |b Océano, |c 1996 | |
| 300 | |a 2 videocasetes VHS |c (sin dato de duración) | ||
| 336 | |a imagen móvil bidimensional |b tdi |2 rdacontenido | ||
| 337 | |a video |b v |2 rdamedio | ||
| 338 | |a videocasete |b vf |2 rdasoporte | ||
| 520 | |a VIDEOTECA, ILFC | ||
| 520 | |a METODO DE ENSEÑANZA | ||
| 520 | |a ORIGINAL | ||
| 649 | |a XX | ||
| 650 | |a Matemáticas | ||
| 700 | |a Gispert, Carlos |e (dirección) | ||
| 910 | |a Fondo General | ||
| 920 | |a Audiovisuales - Videocasetes | ||
| 905 | |a 301 | ||
| 901 | |a V00268 |b IT2 |c VIS |i V00268 |u 20250521 | ||
| 901 | |a V00269 |b IT2 |c VIS |i V00269 |u 20250521 | ||
| 902 | |a https://opac.biblio.iteso.mx/vufind/Record/000257904 | ||